| 000 | 00719nam a2200253 i 4500 | ||
|---|---|---|---|
| 001 | 8107 | ||
| 003 | ES-MaACL | ||
| 005 | 20250904065056.0 | ||
| 007 | t| | ||
| 008 | 920218s1988 sp ||||1| spa d | ||
| 020 | _a8485815165 | ||
| 080 | _a85-14"19" | ||
| 080 | _a85(Civitareale,P.7 A.02) | ||
| 100 | 1 |
_aCivitareale, Pietro. _938964 |
|
| 245 | 1 | 0 |
_aAlegorÃas de la memoria / _cPietro Civitareale ; traducción de Carlos Vitale. |
| 260 |
_aZaragoza : _bOlifante, _cD.L. 1988. |
||
| 300 |
_a87 p. ; _c21 cm. |
||
| 490 | 1 | _aOlifante | |
| 700 | 1 |
_aVitale, Carlos. _9115502 |
|
| 830 | 0 | 0 |
_aOlifante (Serie) _9178046 |
| 852 |
_aES-MaACL _jL-15545 _bR.119942 |
||
| 942 | _2udc | ||
| 999 |
_c8107 _d8107 |
||